World Capitals by Equal-Length Country Names - Statistics

General Stats
  • This quiz has been taken 18 times
    6 since last reset
  • The average score is 39 of 62
Answer Stats
Capitals % Correct
Accra
100%
Algeria
100%
Algiers
100%
Angola
100%
Ankara
100%
Djibouti
100%
Djibouti
100%
Ghana
100%
Japan
100%
Kigali
100%
Lima
100%
Luanda
100%
Lusaka
100%
Luxembourg
100%
Luxembourg
100%
Peru
100%
Rwanda
100%
San Marino
100%
San Marino
100%
Tokyo
100%
Turkey
100%
Vatican City
100%
Vatican City
100%
Zambia
100%
Armenia
50%
Asuncion
50%
Athens
50%
Burkina Faso
50%
Cairo
50%
Canada
50%
Egypt
50%
Estonia
50%
Fiji
50%
Georgia
50%
Greece
50%
Lomé
50%
Moscow
50%
Ottawa
50%
Ouagadougou
50%
Paraguay
50%
Poland
50%
Russia
50%
Sanaa
50%
Singapore
50%
Singapore
50%
Suva
50%
Taipei
50%
Taiwan
50%
Tallinn
50%
Tbilisi
50%
Togo
50%
Warsaw
50%
Yemen
50%
Yerevan
50%
Banjul
0%
Botswana
0%
Gaborone
0%
Gambia
0%
Mauritania
0%
Monaco
0%
Monaco
0%
Nouakchott
0%
No matching quizzes found
Score Distribution
Percent of People with Each Score
Percentile by Number Answered
Your Score History
You have not taken this quiz since the last reset